000 00817nas a2200253 454500
001 33108
005 20260407193508.0
008 260407s2005####ag###########|||spa#d
003 AR-UNSa-BCEJYS
040 _aAR-UNSa-BCEJYS
_bspa
_cAR-UNSa-BCEJYS
080 _a34
_xDerecho
245 1 0 _aRevista Jurídica
022 _a1850-1729
264 1 _aBuenos Aires :
_bUniversidad Nacional de Lomas de Zamora. Facultad de Derecho
_c2005
310 _aFrecuencia: Semestral
041 _aspa
942 _cSER
590 _aniveau_biblio:s niveau_hierar:1
100 1 _aUniversidad Nacional de Lomas de Zamora. Facultad de Derecho
700 1 _aGalderisi, Hugo
650 _aDerecho
650 _aDOCTRINA
856 4 1 _uhttps://biblioeco.unsa.edu.ar/pmb/images/revistas/revista_juridica.jpg
_yImagen de portada
_qimage/jpeg
999 _c8731
_d8731